000 00461nam a2200193Ia 4500
003 OSt
005 20251111115346.0
008 250729s1988 xx 000 0 und d
020 _a978-0553273328
040 _cAL
041 _aeng
082 _a158.1 SCHT
100 _aSchuller H
_9224212
245 _aTough times never last,but tough people do I
260 _aNew Delhi
_c1988
300 _a207p
650 _aPsychology
_9224213
942 _2ddc
_cBED
999 _c236298
_d236298